000 00498nam a2200169 a 4500
005 20140412111311.0
008 010328s19uu xx 00 eng d
020 _a0-205-16757-8
050 _aTR(GS 372.7
_bS63 1996
100 _aSmith, Susan Sperry
245 _aEarly childhood mathematics /
_cSusan Sperry Smith.
260 _aNeedham Heights, MA :
_bAllyn & Bacon,
_c1997.
300 _avp. ; 258 p.
650 _aMathematics - Juvenile literature
650 _aEducation
999 _c103989
_d103989